| 000 | 01036nam a22003377a 4500 | ||
|---|---|---|---|
| 001 | 000491 | ||
| 003 | DO-SdBNP | ||
| 005 | 20171110103643.0 | ||
| 007 | 000491 | ||
| 008 | 160914b 2006 sp ||||| |||| 00| 0 spa d | ||
| 020 | _a8466626433 | ||
| 040 |
_aBPMSU _bspa _cBPMSU |
||
| 082 | 4 |
_a616.398 _bK81m |
|
| 100 | 1 | _aKolbe, Hilde | |
| 240 | 1 | 0 |
_aMein Kind hat Übergewicht. _lEspañol. |
| 245 | 1 | 0 |
_aMi hijo tiene sobrepeso / _cHilde Kolbe & Helmut Weyhreter ; traducción, Roberto Bernet. |
| 260 |
_aBarcelona : _bEdiciones B, _c2006. |
||
| 300 |
_a166 p. : _bil. ; _c18 cm. |
||
| 490 | 1 |
_aByblos _v2897/1. |
|
| 500 | _aTraducción de: Mein Kind hat Übergewicht | ||
| 650 | 4 | _aOBESIDAD EN NIÑOS | |
| 650 | 4 | _aNUTRICIÓN INFANTIL | |
| 650 | 4 | _aAUTOESTIMA | |
| 700 | 1 | 2 | _aWeyhreter, Helmut |
| 700 | 1 | 2 |
_aBernet, Roberto, _etr. |
| 830 |
_aByblos ; _v2897/1 |
||
| 910 | _aValidado. Control de calidad MFF | ||
| 942 |
_2ddc _cBK |
||
| 945 | _aInventariado, 2017/MFF | ||
| 956 |
_2LOPEREZ _310 _620160914 _8BPMSU _a00041 |
||
| 999 |
_c11359 _d11359 |
||